[Event "AUT-chT2W 1920"]
[Site "Austria"]
[Date "2019.11.24"]
[Round "5.3"]
[White "Rusche, Johannes"]
[Black "Wohlfahrt, Herbert J"]
[Result "1/2-1/2"]
[WhiteElo "2284"]
[BlackElo "2265"]
[PlyCount "85"]
[EventDate "2019.10.04"]
[EventType "team-tourn"]
[EventRounds "11"]
[EventCountry "AUT"]
[SourceTitle "CBM 193 Extra"]
[Source "ChessBase"]
[SourceDate "2020.01.31"]
[SourceVersion "1"]
[SourceVersionDate "2020.01.31"]
[SourceQuality "1"]
[WhiteTeam "Kufstein/Woergl"]
[BlackTeam "Pradl"]
[WhiteTeamCountry "AUT"]
[BlackTeamCountry "AUT"]

1. e4 c5 2. c3 d5 3. exd5 Qxd5 4. d4 Nf6 5. Nf3 e6 6. Na3 a6 7. Nc4 Nbd7 8. a4 b6 9. Be2 Bb7 10. 0-0 cxd4 11. Qxd4 Bc5 12. Qh4 Qe4 13. Qxe4 Nxe4 14. Nfd2 Nxd2 15. Bxd2 Bd5 16. b4 Be7 17. Be3 Bf6 18. Rac1 Rb8 19. Bf4 e5 20. Be3 0-0 21. Nd6 Bb3 22. Bxa6 Bxa4 23. Bc4 g6 24. Rfe1 Be7 25. Bb5 Bxb5 26. Nxb5 Rfc8 27. Rcd1 Nf6 28. f3 Rd8 29. Rxd8+ Bxd8 30. Bh6 Nd7 31. f4 Bf6 32. Rd1 Nf8 33. Rd6 Ne6 34. fxe5 Bxe5 35. Rd5 Bf4 36. Bxf4 Nxf4 37. Rd6 Kf8 38. Kf2 Ke7 39. Kf3 Ne6 40. Rc6 Kd7 41. Rd6+ Ke7 42. Rc6 Kd7 43. Rd6+ 1/2-1/2

[Event "BL2-Ost 1718"]
[Site "Germany"]
[Date "2017.12.09"]
[Round "5.4"]
[White "Rusche, Johannes"]
[Black "Miller, Eduard"]
[Result "1-0"]
[WhiteElo "2282"]
[BlackElo "2342"]
[PlyCount "95"]
[EventDate "2017.10.21"]
[EventType "team-tourn"]
[EventRounds "10"]
[EventCountry "GER"]
[SourceTitle "CBM 183 Extra"]
[Source "ChessBase"]
[SourceDate "2018.04.19"]
[SourceVersion "1"]
[SourceVersionDate "2018.04.19"]
[SourceQuality "1"]
[WhiteTeam "Garching"]
[BlackTeam "Erlangen"]
[WhiteTeamCountry "GER"]
[BlackTeamCountry "GER"]

1. e4 e5 2. Nf3 Nc6 3. Bb5 a6 4. Ba4 Nge7 5. c3 d6 6. d4 Bd7 7. 0-0 Ng6 8. Re1 Be7 9. Nbd2 0-0 10. Nf1 exd4 11. cxd4 b5 12. Bb3 Bg4 13. Be3 Bf6 14. Qc2 Nb4 15. Qe2 Nh4 16. N1d2 Qd7 17. h3 Bxf3 18. Nxf3 Nxf3+ 19. Qxf3 a5 20. a3 Nd3 21. Re2 a4 22. Bd5 c6 23. e5 dxe5 24. Bxc6 Qd8 25. Rd1 e4 26. Qxe4 Ne5 27. Qc2 Nd7 28. Bxa8 Qxa8 29. Rc1 Qd5 30. Qc6 Qf5 31. g4 Qe6 32. Qxe6 fxe6 33. Rc6 Kf7 34. Rc7 Rd8 35. Rb7 Be7 36. Bd2 Nf6 37. Bb4 Nd5 38. Bxe7 Nxe7 39. Rxb5 Rxd4 40. Rb4 Rd1+ 41. Kh2 g5 42. f4 Nd5 43. Rb7+ Kf6 44. fxg5+ Kxg5 45. Rf7 Rd4 46. Rxe6 Rd2+ 47. Kg3 Rd3+ 48. Rf3 1-0

[Event "Landesliga Sued 1617"]
[Site "Bayern"]
[Date "2017.04.02"]
[Round "8.3"]
[White "Schmid, Franz"]
[Black "Rusche, Johannes"]
[Result "0-1"]
[WhiteElo "2160"]
[BlackElo "2295"]
[PlyCount "68"]
[EventDate "2016.10.16"]
[EventType "team-tourn"]
[EventRounds "9"]
[EventCountry "GER"]
[SourceTitle "EXT 2019"]
[Source "ChessBase"]
[SourceDate "2018.10.10"]
[SourceVersion "1"]
[SourceVersionDate "2018.10.10"]
[SourceQuality "1"]
[WhiteTeam "Roehrnbach"]
[BlackTeam "Garching II"]
[WhiteTeamCountry "GER"]
[BlackTeamCountry "GER"]

1. e4 e5 2. Nf3 Nc6 3. Bb5 Nge7 4. 0-0 g6 5. d4 exd4 6. Nxd4 Bg7 7. Nxc6 bxc6 8. Bd3 0-0 9. Nd2 d6 10. Rb1 f5 11. b3 Qe8 12. Bb2 Bxb2 13. Rxb2 Qf7 14. exf5 Nxf5 15. Rb1 Bd7 16. Ne4 Rae8 17. Qd2 Nh4 18. Qg5 Nf5 19. Rbe1 Qg7 20. a4 Re5 21. Qd2 Rfe8 22. Ng5 Nh4 23. Re4 Rxe4 24. Nxe4 Qe5 25. Qh6 Nf5 26. Qg5 Kg7 27. Qd2 Nh4 28. Qb4 Qf4 29. Qd4+ Re5 30. f3 Bh3 31. Qxa7 Bxg2 32. Qxc7+ Kh6 33. Nxd6 Qd4+ 34. Rf2 Re1+ 0-1

[Event "Landesliga Sued 1617"]
[Site "Bayern"]
[Date "2017.02.05"]
[Round "5.3"]
[White "Rusche, Johannes"]
[Black "Cabarkapa, Novak"]
[Result "0-1"]
[WhiteElo "2295"]
[BlackElo "2490"]
[PlyCount "56"]
[EventDate "2016.10.16"]
[EventType "team-tourn"]
[EventRounds "9"]
[EventCountry "GER"]
[SourceTitle "EXT 2019"]
[Source "ChessBase"]
[SourceDate "2018.10.10"]
[SourceVersion "1"]
[SourceVersionDate "2018.10.10"]
[SourceQuality "1"]
[WhiteTeam "Garching II"]
[BlackTeam "Deggendorf"]
[WhiteTeamCountry "GER"]
[BlackTeamCountry "GER"]

1. e4 d5 2. exd5 Qxd5 3. Nc3 Qd6 4. d4 Nf6 5. Nf3 g6 6. Nb5 Qb6 7. Na3 c6 8. Nc4 Qd8 9. Be2 Bg7 10. 0-0 0-0 11. Re1 Nbd7 12. Bf1 b6 13. Qe2 Re8 14. Bg5 Bb7 15. Nce5 Nxe5 16. dxe5 Nd5 17. Rad1 Qc8 18. Qd2 Nc7 19. Bh6 c5 20. Bxg7 Bxf3 21. Qh6 Bxd1 22. Re4 Bg4 23. e6 Nxe6 24. Bc3 Nd4 25. Bc4 e5 26. Bxf7+ Kxf7 27. Qxh7+ Kf6 28. Qh4+ Kg7 0-1

[Event "Landesliga Sued 1617"]
[Site "Bayern"]
[Date "2017.01.15"]
[Round "4.3"]
[White "Rusche, Johannes"]
[Black "Safyanovsky, Mark"]
[Result "1/2-1/2"]
[WhiteElo "2295"]
[BlackElo "2156"]
[PlyCount "27"]
[EventDate "2016.10.16"]
[EventType "team-tourn"]
[EventRounds "9"]
[EventCountry "GER"]
[SourceTitle "EXT 2019"]
[Source "ChessBase"]
[SourceDate "2018.10.10"]
[SourceVersion "1"]
[SourceVersionDate "2018.10.10"]
[SourceQuality "1"]
[WhiteTeam "Garching II"]
[BlackTeam "Haunstetten"]
[WhiteTeamCountry "GER"]
[BlackTeamCountry "GER"]

1. e4 g6 2. d4 Bg7 3. Nc3 d6 4. Be3 a6 5. Qd2 Nd7 6. h4 h5 7. Nh3 e6 8. 0-0-0 b5 9. Ng5 Bb7 10. Kb1 Ngf6 11. f3 Qe7 12. Ne2 Nb6 13. Nc1 d5 14. Nb3 1/2-1/2

[Event "AUT-chT2W 1617"]
[Site "Austria"]
[Date "2016.10.30"]
[Round "3.4"]
[White "Roth, Peter"]
[Black "Rusche, Johannes"]
[Result "1/2-1/2"]
[WhiteElo "2128"]
[BlackElo "2265"]
[PlyCount "82"]
[EventDate "2016.10.28"]
[EventType "team-tourn"]
[EventRounds "11"]
[EventCountry "AUT"]
[SourceTitle "EXT 2018"]
[Source "ChessBase"]
[SourceDate "2017.10.13"]
[SourceVersion "1"]
[SourceVersionDate "2017.10.13"]
[SourceQuality "1"]
[WhiteTeam "Salzburg ASK"]
[BlackTeam "Kufstein/Woergl"]
[WhiteTeamCountry "AUT"]
[BlackTeamCountry "AUT"]

1. e4 e5 2. Nf3 Nc6 3. Bc4 Nf6 4. d3 Be7 5. Bb3 0-0 6. c3 d5 7. Qe2 Re8 8. h3 a5 9. a4 b6 10. 0-0 Ba6 11. exd5 e4 12. dxc6 Bxd3 13. Bxf7+ Kxf7 14. Ne5+ Kg8 15. Nxd3 exd3 16. Qf3 Bc5 17. Bg5 Re2 18. Nd2 Qd5 19. Bxf6 Qxf3 20. Nxf3 gxf6 21. Rad1 Rxb2 22. Rxd3 Rc2 23. Rd7 Rc8 24. Nd4 Bxd4 25. cxd4 Rxc6 26. Re1 Rd6 27. Rxd6 cxd6 28. Re6 Rc4 29. Rxd6 Kf7 30. d5 Rxa4 31. Rxb6 Rd4 32. Rb7+ Kg6 33. Rb5 Rd1+ 34. Kh2 a4 35. Ra5 a3 36. Rxa3 Rxd5 37. g3 Rb5 38. Kg2 Rc5 39. f4 Rb5 40. g4 h5 41. Kg3 hxg4 1/2-1/2

[Event "AUT-chT2W 1516"]
[Site "Austria"]
[Date "2016.03.06"]
[Round "11.1"]
[White "Platzgummer, Fabian"]
[Black "Rusche, Johannes"]
[Result "1-0"]
[WhiteElo "2340"]
[BlackElo "2266"]
[PlyCount "45"]
[EventDate "2015.10.16"]
[EventType "team-tourn"]
[EventRounds "11"]
[EventCountry "AUT"]
[SourceTitle "EXT 2017"]
[Source "ChessBase"]
[SourceDate "2016.10.25"]
[SourceVersion "1"]
[SourceVersionDate "2016.10.25"]
[SourceQuality "1"]
[WhiteTeam "Zillertal"]
[BlackTeam "Kufstein/Woergl"]
[WhiteTeamCountry "AUT"]
[BlackTeamCountry "AUT"]

1. Nf3 Nf6 2. g3 e6 3. Bg2 d5 4. 0-0 Be7 5. d3 c5 6. Nbd2 Nc6 7. e4 0-0 8. Re1 b5 9. e5 Nd7 10. Nf1 a5 11. h4 b4 12. h5 h6 13. N1h2 Qb6 14. Ng4 Bb7 15. Bf4 Rfc8 16. Qd2 Qd8 17. Bxh6 gxh6 18. Nxh6+ Kg7 19. Ng4 Qf8 20. Ng5 Bxg5 21. Qxg5+ Kh7 22. Bxd5 Qh6 23. Be4+ 1-0